| 000 | 00855nam a2200253 i 4500 | ||
|---|---|---|---|
| 001 | bg | ||
| 100 | 1 | _aDAWDO, Czesław | |
| 245 | 1 | 0 |
_aMateriały pomocnicze do ćwiczeń z podstaw budownictwa / _cCzesław Dawdo, Irena Ickiewicz, Wiesław Sarosiek ; Politechnika Białostocka. |
| 250 | _a[Wyd. 2]. | ||
| 260 |
_aBiałystok : _bWydawnictwa PB, _c1995. |
||
| 300 |
_a388 s., [3] k. tabl. złoż. : _b1 mapa, rys., wykr. ; _c23 cm. |
||
| 504 | _aBibliogr. s. 385-387, normy s. 387-388. | ||
| 650 | 9 | _aKonstrukcje budowlane | |
| 655 | _aPodręczniki akademickie | ||
| 700 | 1 | _aICKIEWICZ, Irena | |
| 700 | 1 | _aSAROSIEK, Wiesław | |
| 020 |
_a8386272260 (popr.) _z83-86272-26-D |
||
| 040 | _cBPK | ||
| 041 | 0 | _apl | |
| 080 | _a624.01/.04:692(075.8) | ||
| 920 | _a83-86272-26-0 (popr.) | ||
| 942 | _cKS | ||
| 008 | s pl f |000 0 pol | ||
| 999 |
_c24863 _d24863 |
||
| 856 |
_uhttp://koha.tu.koszalin.pl/cgi-bin/koha/opac-detail.pl?biblionumber=24863 _yKatalog online BPK |
||